| 000 | 00780nam a22002177a 4500 | ||
|---|---|---|---|
| 005 | 20090305104415.0 | ||
| 008 | 090304t xxu||||| |||| 00| 0 eng d | ||
| 010 | _aB-317549 | ||
| 020 |
_c225.00 _a9788183187909 |
||
| 035 | _aB-317549 | ||
| 040 |
_aDPL _bEnglish |
||
| 082 | _a371.2 | ||
| 100 | _aUsmani, B.D. | ||
| 245 |
_aSchool management _cby B.D.Usmani |
||
| 260 |
_aMumbai _bHimalaya Publishing House _c2007 |
||
| 270 |
_aRamdoot, Dr. Bhalerao Marg, Girgaon _bMumbai _e400 004 |
||
| 300 |
_a317p. _c21 cm. (Pbk) |
||
| 650 | _bEducation | ||
| 942 |
_2ddc _cEN _h371.2 _mUSM |
||
| 999 |
_c24915 _d24915 |
||